000 00768cam a22002054a 4500
005 20250605163958.0
008 250528s ||||||||||||||||||||||||d
035 _a15545
020 _a412370700
040 _aGR-AtMCL
_bgre
_dGR-AtMCL
_eAACR2
245 1 _aComputer Communications / Second Edition
250 _a2nd
260 _bChapman & Hall,
_c1993
300 _a334
520 _aA comprehensive introduction to effective digital communications. Abbreviations, Preliminaries, Carrier Systems, Data Transmission, Coding and Framing, Data Switching, Communication Networks, Local Area Networks, Protocols, Convergence of Digital Services, Recommended Reading, Index.
700 1 _aBeauchamp K.G.
_91500
942 _cBK
999 _c1119
_d1119